Industrial hydraulics (Record no. 7178)

000 -LEADER
fixed length control field 00551nam a2200205 i 4500
001 - CONTROL NUMBER
control field 7178
003 - CONTROL NUMBER IDENTIFIER
control field BD-DhUET
008 - FIXED-LENGTH DATA ELEMENTS--GENERAL INFORMATION
fixed length control field 780705s1979 nyua 001 0 eng
020 ## - INTERNATIONAL STANDARD BOOK NUMBER
International Standard Book Number 070664773
040 ## - CATALOGING SOURCE
Original cataloging agency DLC
Transcribing agency DLC
Modifying agency BD-DhUET
082 00 - DEWEY DECIMAL CLASSIFICATION NUMBER
Classification number 621.2
Item number PIP/1980
100 1# - MAIN ENTRY--PERSONAL NAME
Personal name Pippenger, John J.
245 10 - TITLE STATEMENT
Title Industrial hydraulics
Statement of responsibility, etc. by John J. Pippenger and Tyler G. Hicks
250 ## - EDITION STATEMENT
Edition statement 3d ed.
260 ## - PUBLICATION, DISTRIBUTION, ETC. (IMPRINT)
Place of publication, distribution, etc. New York
Name of publisher, distributor, etc. McGraw-Hill
Date of publication, distribution, etc. 1980
300 ## - PHYSICAL DESCRIPTION
Extent vi, 440 p.
Other physical details ill.
Dimensions 25 cm.
650 #0 - SUBJECT ADDED ENTRY--TOPICAL TERM
Topical term or geographic name as entry element Hydraulic machinery
700 ## - ADDED ENTRY--PERSONAL NAME
Personal name Hicks, Tyler G.
942 ## - ADDED ENTRY ELEMENTS (KOHA)
Koha item type General Book
Holdings
Not for loan Source of classification or shelving scheme Damaged status Copy number Date acquired Koha normalized classification for sorting Koha full call number Sublocation or collection (holding branch) Piece designation (barcode) Koha date last seen Location (home branch) Price effective from Koha item type Lost status Shelving location Withdrawn status
   42014-12-07621_200000000000000_PIP1980621.2 /PIP/1980Central Library, BUET597702014-12-07Central Library, BUET2014-12-07Contented Book  Circulation section 
   52014-12-07621_200000000000000_PIP1980621.2 /PIP/1980Central Library, BUET597712014-12-07Central Library, BUET2014-12-07Contented Book  Circulation section 
   62014-12-07621_200000000000000_PIP1980621.2 /PIP/1980Central Library, BUET597722014-12-07Central Library, BUET2014-12-07Contented Book  Circulation section 
   12014-12-07621_200000000000000_PIP1980621.2 /PIP/1980Central Library, BUET567692014-12-07Central Library, BUET2014-12-07Contented Book  Circulation section 
   72014-12-07621_200000000000000_PIP1980621.2 /PIP/1980Central Library, BUET597732014-12-07Central Library, BUET2014-12-07Contented Book  Circulation section 
   102014-12-07621_200000000000000_PIP1980621.2 /PIP/1980Central Library, BUET597762014-12-07Central Library, BUET2014-12-07Contented Book  Circulation section 
   22014-12-07621_200000000000000_PIP1980621.2 /PIP/1980Central Library, BUET567702014-12-07Central Library, BUET2014-12-07Contented Book  Circulation section 
   92014-12-07621_200000000000000_PIP1980621.2 /PIP/1980Central Library, BUET597752014-12-07Central Library, BUET2014-12-07Contented Book  Circulation section 
   92014-12-07621_200000000000000_PIP1980621.2 /PIP/1980Central Library, BUET597692014-12-07Central Library, BUET2014-12-07Contented Book  Circulation section 
   112014-12-07621_200000000000000_PIP1980621.2 /PIP/1980Central Library, BUET597772014-12-07Central Library, BUET2014-12-07Contented Book  Circulation section 
   122015-06-16621_200000000000000_PIP_1980621.2/PIP/1980Central Library, BUET597782015-06-16Central Library, BUET2015-06-16Reading Item Reading section